Reinvención de Estado / (Registro nro. 10557)
[ vista simple ]
| 000 -CABECERA | |
|---|---|
| campo de control de longitud fija | 01709nam a2200253 a 4500 |
| 001 - NÚMERO DE CONTROL | |
| campo de control | 000010808 |
| 005 - FECHA Y HORA DE LA ÚLTIMA TRANSACCIÓN | |
| campo de control | 20200929162308.0 |
| 008 - DATOS DE LONGITUD FIJA--INFORMACIÓN GENERAL | |
| campo de control de longitud fija | 091012s2001 dr a 000 0 spa d |
| 020 ## - NÚMERO INTERNACIONAL ESTÁNDAR DEL LIBRO | |
| Número Internacional Estándar del Libro | 9993401897 |
| 040 ## - FUENTE DE LA CATALOGACIÓN | |
| Centro catalogador/agencia de origen | DO-SdBNP |
| Lengua de catalogación | spa |
| Centro/agencia transcriptor | BNPHU |
| 082 ## - NÚMERO DE LA CLASIFICACIÓN DECIMAL DEWEY | |
| Número de clasificación | 320.97293 |
| Número de documento/Ítem | P515r |
| 100 1# - ENTRADA PRINCIPAL--NOMBRE DE PERSONA | |
| Nombre de persona | Peynado, Jacinto B. |
| Fechas asociadas al nombre | 1941- |
| 9 (RLIN) | 26114 |
| 245 10 - MENCIÓN DE TÍTULO | |
| Título | Reinvención de Estado / |
| Mención de responsabilidad, etc. | Jancinto B. Peynado. |
| 260 ## - PUBLICACIÓN, DISTRIBUCIÓN, ETC. | |
| Lugar de publicación, distribución, etc. | Santo Domingo : |
| Nombre del editor, distribuidor, etc. | Cocolo Editorial, |
| Fecha de publicación, distribución, etc. | 2001. |
| 300 ## - DESCRIPCIÓN FÍSICA | |
| Extensión | v. : |
| Otras características físicas | il. ; |
| Dimensiones | 23 cm. |
| 500 ## - NOTA GENERAL | |
| Nota general | Incluye notas al pie de las páginas |
| 500 ## - NOTA GENERAL | |
| Nota general | Incluye notas biográficas del autor en la solapa |
| 500 ## - NOTA GENERAL | |
| Nota general | La biblioteca posee el tomo III. |
| 505 0# - NOTA DE CONTENIDO CON FORMATO | |
| Nota de contenido con formato | Reinvención del Estado: realidad o retórica -- El papel del Estado en el desarrollo económico -- Desarrollo social -- R. D. frente a los retos de la internacionalización de los mercados -- Seguridad de las Naciones Islas del Caribe -- Consenso para el desarrollo -- Feria agropecuaria e industrial '95 -- La construcción en el desarrollo económico de R. D -- Encuentro cooperativo, trinacional y Foro cooperativo Caribeño -- Drogas: un problema universal -- Políticas de juventud ideas e ideales -- Deporte como cultura y recreación -- Control de drogas -- La R.D.: oportunidades bajo el nuevo modelo económico -- Proyecciones y alternativas de política exterior de la R.D -- Retos y oportunidades para un mayor intercambio comercial entre Puerto Rico y la República Dominicana -- Congreso mundial de periodistas. |
| 590 ## - NOTA LOCAL (RLIN) | |
| Nota local | Inventariado, 2018/LP |
| 600 14 - PUNTO DE ACCESO ADICIONAL DE MATERIA--NOMBRE DE PERSONA | |
| Nombre de persona | PEYNADO GARRIOSA, JACINTO BIENVENIDO |
| Subdivisión general | DISCURSOS |
| 9 (RLIN) | 26115 |
| 651 #4 - PUNTO DE ACCESO ADICIONAL DE MATERIA--NOMBRE GEOGRÁFICO | |
| Nombre geográfico | República Dominicana |
| Subdivisión general | Política Y Gobierno |
| -- | Discursos |
| 9 (RLIN) | 26116 |
| 910 ## - DATOS DE OPCIÓN DEL USUARIO (OCLC) | |
| Datos de opción del usuario | Validado. Control de calidad MFF |
| Estado de retiro | Estado de pérdida | No para préstamo | Código de colección | Localización permanente | Ubicación/localización actual | Ubicación en estantería | Fecha de adquisición | Número de inventario | Total de préstamos | Signatura topográfica completa | Código de barras | Fecha visto por última vez | Precio válido a partir de | Tipo de ítem Koha |
|---|---|---|---|---|---|---|---|---|---|---|---|---|---|---|
| Excluido de préstamo | Patrimonio Dominicano | Patrimonio Dominicano | Patrimonio Dominicano | Depósito | 12.10.2009 | LF1 | t. 3 | 10808-10 | 25.06.2020 | 25.06.2020 | Libro y Folleto Colección Patrimonio Dominicano | |||
| Excluido de préstamo | Patrimonio Dominicano | Patrimonio Dominicano | Patrimonio Dominicano | Depósito | 12.10.2009 | LF1 | t.3 e.2 | 10808-20 | 25.06.2020 | 25.06.2020 | Libro y Folleto Colección Patrimonio Dominicano |
